LEGAL LANGUAGE AND LEGAL WRITING (Record no. 9647)

MARC details
000 -LEADER
fixed length control field 00335nam a22001457a 4500
003 - CONTROL NUMBER IDENTIFIER
control field SGT
082 ## - DEWEY DECIMAL CLASSIFICATION NUMBER
Classification number 808.06634,TRI
100 ## - MAIN ENTRY--PERSONAL NAME
Personal name TRIPATHI,S.C
245 ## - TITLE STATEMENT
Title LEGAL LANGUAGE AND LEGAL WRITING
250 ## - EDITION STATEMENT
Edition statement 6TH
260 ## - PUBLICATION, DISTRIBUTION, ETC. (IMPRINT)
Place of publication, distribution, etc ALLAHABAD
Name of publisher, distributor, etc CENTRAL LAW PUBLICATION
Year of Publication 2014
300 ## - PAGE DESCRIPTION
No. of Pages 550
650 ## - SUBJECT ADDED ENTRY--TOPICAL TERM
Topical term or geographic name as entry element LANGUAGE AND WRITING
942 ## - ADDED ENTRY ELEMENTS (KOHA)
Source of classification or shelving scheme Dewey Decimal Classification
Koha item type Books
Holdings
Withdrawn status Lost status Source of classification or shelving scheme Damaged status Not for loan Collection code Home library Current library Shelving location Date acquired Vendor Name Cost, normal purchase price SGTU Bill Number Full call number Accession No. (Barcode) Date last seen Bill Date Koha item type Total Checkouts Date last borrowed
    Dewey Decimal Classification   Not For Loan LAW SGT Science & Social Sciences Library SGT Science & Social Sciences Library Reference Book 26/07/2016 COMMERCIAL BOOKS 350.00 SGTU 14999 808.06634,TRI FL237 09/12/2023 07/02/2014 Books    
    Dewey Decimal Classification     LAW SGT Science & Social Sciences Library SGT Science & Social Sciences Library Text Book 26/07/2016 COMMERCIAL BOOKS 350.00 SGTU 14999 808.06634,TRI FL238 03/09/2019 07/02/2014 Books 1 20/08/2019